Low Reynolds number unsteady aerodynamics 2 vol. set (Record no. 291092)
[ view plain ]
| 000 -LEADER | |
|---|---|
| fixed length control field | 00358 a2200109 4500 |
| 001 - CONTROL NUMBER | |
| control field | 56019 |
| 082 ## - DEWEY DECIMAL CLASSIFICATION NUMBER | |
| Classification number | 532.05 KES |
| 090 ## - LOCALLY ASSIGNED LC-TYPE CALL NUMBER (OCLC); LOCAL CALL NUMBER (RLIN) | |
| -- | 34680 |
| -- | 34680 |
| 100 ## - MAIN ENTRY--PERSONAL NAME | |
| Personal name | Keshtiban, I J; Belblidia; Webster, M F |
| 245 ## - TITLE STATEMENT | |
| Title | Low Reynolds number unsteady aerodynamics 2 vol. set |
| Remainder of title | collection of research papers presented by Prof Ali Naqvi |
| 260 ## - PUBLICATION, DISTRIBUTION, ETC. | |
| Place of publication, distribution, etc. | Risalpur |
| Name of publisher, distributor, etc. | Aero |
| Date of publication, distribution, etc. | 2005 |
| 942 ## - ADDED ENTRY ELEMENTS (KOHA) | |
| Institution code [OBSOLETE] | NUST-CAE |
| Call number prefix | 532.05 KES |
| Withdrawn status | Lost status | Damaged status | Not for loan | Collection code | Permanent Location | Current Location | Date acquired | Total Checkouts | Full call number | Barcode | Date last seen | Price effective from | Koha item type |
|---|---|---|---|---|---|---|---|---|---|---|---|---|---|
| College of Aeronautical Engineering (CAE) | College of Aeronautical Engineering (CAE) | 04/03/2017 | 532.05 KES | CAEG-5702 | 04/05/2017 | 04/05/2017 | Book | ||||||
| College of Aeronautical Engineering (CAE) | College of Aeronautical Engineering (CAE) | 04/03/2017 | 532.05 KES | CAEG-5703 | 04/05/2017 | 04/05/2017 | Book |
